000 00309nam a22001457a 4500
008 210311b ||||| |||| 00| 0 eng d
020 _a9780937175842
041 _aeng
080 _a004
082 _a004
100 _a35
101 _aSHKI
245 _aLerarning GNU Emacs
_cCameron,D
942 _2udc
_cBK
999 _c56463
_d56463